Suisse (Record no. 4768)

MARC details
000 -CABECERA
campo de control de longitud fija 00611nam a2200217 a 4500
001 - NÚMERO DE CONTROL
campo de control BRCA_5074
005 - FECHA Y HORA DE LA ÚLTIMA TRANSACCIÓN
campo de control 20190320204927.0
008 - DATOS DE LONGITUD FIJA--INFORMACIÓN GENERAL
campo de control de longitud fija 800417s1958----fr-ab#####---#000-0#fre-#
041 ## - CÓDIGO DE LENGUA
Código de lengua del texto/banda sonora o título independiente fre
044 ## - CÓDIGO DEL PAÍS DE LA ENTIDAD EDITORA/PRODUCTORA
Código MARC del país fr
050 #4 - SIGNATURA TOPOGRÁFICA DE LA BIBLIOTECA DEL CONGRESO
Número de clasificación DQ25
Número de documento/Ítem .S87 1958
245 10 - MENCIÓN DE TÍTULO
Título Suisse
Resto del título guide de pneu Michelin.
250 ## - MENCIÓN DE EDICIÓN
Mención de edición 2
260 ## - PUBLICACIÓN, DISTRIBUCIÓN, ETC.
Lugar de publicación, distribución, etc. París
Nombre del editor, distribuidor, etc. Services de Tourisme Michelin
Fecha de publicación, distribución, etc. 1958
300 ## - DESCRIPCIÓN FÍSICA
Extensión 194 p.
Otras características físicas il., mapas
Dimensiones 25 cm.
500 ## - NOTA GENERAL
Nota general Guía turística inventariada por Banco de México como libro
500 ## - NOTA GENERAL
Nota general DD31
651 #4 - PUNTO DE ACCESO ADICIONAL DE MATERIA--NOMBRE GEOGRÁFICO
Nombre geográfico Suiza
Subdivisión de forma Guías de viajeros
Subdivisión general Descripción y viajes
9 (RLIN) 12936
902 ## - CATALOGADOR
Iniciales GFM
942 ## - ELEMENTOS DE PUNTO DE ACCESO ADICIONAL (KOHA)
Fuente del sistema de clasificación o colocación Library of Congress Classification
Tipo de ítem Koha Libros
Holdings
Estado de retiro Estado de pérdida Estado dañado No para préstamo Localización permanente Ubicación/localización actual Fecha de adquisición Número de inventario Total de préstamos Signatura topográfica completa Código de barras Fecha visto por última vez Precio válido a partir de Tipo de ítem Koha
El ejemplar forma parte de la colección y puede ser consultado según las políticas vigentes.       Biblioteca del Museo Franz Mayer (Rogerio Casas-Alatriste) Biblioteca del Museo Franz Mayer (Rogerio Casas-Alatriste) 09/11/2010 DD31   DQ25 .S87 1958 (DD31) 5189 22/03/2019 22/03/2019 Libros